000 01119cab a2200205 4500
001 ##L132238
008 060120n2006 000 0 eng u
035 _a(Sirsi) u132238
041 0 _aeng
100 1 _aCarun, David
245 0 0 _aHave you got the latest must-have?
260 _c2006
490 0 _aRICS Building Surveying Faculty: The Journal
_vJanuary / February 2006, 21(1)
520 _aLooks at the Construction Skills Certification Scheme (CSCS), which now covers more than 220 occupations and 700 000 cardholders. Membership of the Scheme acts both as proof that a worker is competent to do their job, and that they have achieved a basic level of site safety awareness. The RICS has already introduced professional routes for obtaining a CSCS card for quantity and building control surveyors, and is currently working on a route for chartered building surveyors.
590 _aIKA310106
650 2 4 _aCONSTRUCTION SKILLS CERTIFICATION SCHEME
650 2 4 _aCONSTRUCTION INDUSTRY TRAINING BOARD
690 _aCAREERS, EDUCATION AND TRAINING-RICS POST-QUALIFICATION CERTIFICATION SCHEMES
942 _n0
999 _c76369
_d76369